| 000 | 00856nam a2200241 u 4500 | ||
|---|---|---|---|
| 005 | 20240920064145.0 | ||
| 008 | 090219s2002 r 000 0 eng d | ||
| 020 | _a8481559970 | ||
| 035 | _aUPN01000169628 | ||
| 049 | _aCG | ||
| 050 | 4 |
_aLB1027.5 _bM3.6 |
|
| 100 | 1 | _aMartínez González, María de Codés | |
| 245 | 1 | 3 |
_aLa orientación escolar : _bfundamentos y desarrollo / _cMa. de Codés Martínez González, José Quintanal Díaz, José Antonio Téllez Muñoz. |
| 260 |
_aMadrid : _bDykinson, _c2002. |
||
| 300 | _a985 p. | ||
| 590 | _a(También localizas un ejemplar en el "Area de Reserva") | ||
| 590 | _aBibliografía Básica (BGTQ) | ||
| 650 | 4 |
_aOrientación educativa _94097 |
|
| 650 | 4 |
_aEducación _zEspaña _96843 |
|
| 700 | 1 |
_aQuintanal Díaz, José, _ecoaut. |
|
| 700 | 1 |
_aTéllez Muñoz, José Antonio, _ecoaut. |
|
| 905 | _aLibro | ||
| 999 |
_c141734 _d141734 |
||